Código de Comercio: anotaciones y concordancias. Índice temático. Títulos de artículos del cuerpo del código y de las normas del apéndice
Guardat en:
| Autor corporatiu: | |
|---|---|
| Altres autors: | |
| Format: | Desconegut |
| Idioma: | anglès |
| Publicat: |
Santiago, Chile:
Legal Publishing; Thomson Reuters,
2020
|
| Edició: | Vigésima Edición. |
| Col·lecció: | Colección de Códigos 2020
|
| Matèries: | |
| Etiquetes: |
Afegir etiqueta
Sense etiquetes, Sigues el primer a etiquetar aquest registre!
|
MARC
| LEADER | 00000 a2200000 4500 | ||
|---|---|---|---|
| 003 | CL-VaPUC | ||
| 005 | 20250425110445.0 | ||
| 008 | 200331b ||||| |||| 00| 0 eng d | ||
| 999 | |c 423163 |d 423161 | ||
| 020 | |a 9789564000923 | ||
| 040 | |c Pontificia Universidad Católica de Valparaíso | ||
| 082 | 0 | 4 | |2 21 |a 346.8307 CHI 2020 |
| 110 | 1 | |a Chile |9 890760 | |
| 245 | 1 | 0 | |a Código de Comercio: anotaciones y concordancias. Índice temático. Títulos de artículos del cuerpo del código y de las normas del apéndice |
| 250 | |a Vigésima Edición. |b Actualizada al 3 de enero de 2020 | ||
| 260 | 3 | |a Santiago, Chile: |b Legal Publishing; |b Thomson Reuters, |c 2020 | |
| 300 | |a 1216 páginas | ||
| 490 | 0 | |a Colección de Códigos 2020 | |
| 505 | |a Mensaje del Ejecutivo. -Título Preliminar. Disposiciones generales. -Libro I. De los Comerciantes y de los Agentes del Comercio. -Libro II. De los Contratos y Obligaciones Mercantiles en General. -Libro III. De la Navegación y el Comercio Marítimos. -Libro IV. De las Quiebras (Derogado). Apéndice: -Ley N.º 20.720. Sustituye el régimen concursal vigente por una Ley de Reorganización y Liquidación de Empresas y Personas, y perfecciona el rol de la superintendencia del ramo (D.O. de 9 de enero de 2014). -Ley N.º 18.046. Ley sobre Sociedades Anónimas. (D.O. de 22 de octubre de 1981). -Ley N.º 3.918. Ley sobre Sociedades de Responsabilidad Limitada (D.O. de 14 de marzo de 1923). -Ley N.º 19.857. Autoriza el establecimiento de empresas Individuales de responsabilidad limitada (D.O. de 11 de febrero de 2003). -Ley N.º 19.499. Establece normas sobre saneamiento de vicios de nulidad de sociedades y modifica Código de Comercio y otros cuerpos legales. (D.O. de 11 de abril de 1997). -Ley N.º 20.659. Simplifica el régimen de constitución, modificación y disolución de las sociedades comerciales. (D.O. de 8 de febrero de 2013). -Ley N.º 18.045. Ley de Mercado de Valores. (D.O. de 22 de octubre de 1981). -Ley N.º 18.092. Dicta nuevas normas sobre letra de cambio y pagaré y deroga disposiciones del Código de Comercio. (D.O. de 14 de enero de 1982). -Ley N.º 19.983. Regula la transferencia y otorga mérito ejecutivo a copia de la factura (D.O. de 15 de diciembre de 2004). -Ley N.º 18.552. Regula tratamiento de títulos de crédito. (D.O. de 20 de septiembre de 1986). -Ley N.º 4.287. Ley sobre Prenda de Valores Mobiliarios a favor de los Bancos. (D.O. de 23 y 29 de febrero de 1928). -Ley N.º 18.010. Establece normas para las operaciones de crédito y otras obligaciones de dinero que indica. (D.O. de 27 de junio de 1981). -Ley N.º 19.496. Establece normas sobre protección de los derechos de los consumidores. (D.O. de 7 de marzo de 1997). | ||
| 583 | |k Hugo Gaete |c 20200331 | ||
| 650 | 1 | |a Derecho comercial chileno |9 430902 | |
| 650 | 1 | |a Código de comercio |9 329302 | |
| 700 | |a Díaz Villalobos, José Ignacio |e director |9 556749 | ||
| 942 | |2 ddc |c BK |n 0 | ||
| 952 | |0 0 |1 0 |2 ddc |4 0 |6 346_830700000000000_CHI_2020 |7 0 |8 R |9 562153 |a BIBDER |b BIBDER |d 2020-03-27 |e 46 |g 0.00 |i 5575028 |l 29 |m 1 |o 346.8307 CHI 2020 |p 5575028 |r 2024-05-23 |s 2024-05-22 |t 1 |v 0.00 |w 2020-03-27 |y BK_R |k DER | ||